000 00567cam a2200169 4500500
005 20260329005756.0
041 _afre
042 _adc
100 1 0 _aPastorini, Chiara
_eauthor
245 0 0 _a“Est-ce qu’une surprise, c’est toujours bien ?”
260 _c2024.
500 _a89
690 _aChiara Pastorini
690 _aPhilosopher avec les enfants
786 0 _nPhilosophie magazine | 185 | 12 | 2024-12-01 | p. 65-65 | 1951-1787
856 4 1 _uhttps://shs.cairn.info/magazine-philosophie-magazine-2024-12-page-65?lang=fr&redirect-ssocas=7080
999 _c1846506
_d1846506